Lav Kush (Record no. 14474)

MARC details
000 -LEADER
fixed length control field 01435ngm a22002897a 4500
005 - DATE AND TIME OF LATEST TRANSACTION
control field 20080708143856.0
007 - PHYSICAL DESCRIPTION FIXED FIELD--GENERAL INFORMATION
fixed length control field ta
008 - FIXED-LENGTH DATA ELEMENTS--GENERAL INFORMATION
fixed length control field 080708t xxu||||| |||| 00| 0 eng d
010 ## - LIBRARY OF CONGRESS CONTROL NUMBER
LC control number DVD-000049-51
024 ## - OTHER STANDARD IDENTIFIER
Terms of availability Rs.99.00
037 ## - SOURCE OF ACQUISITION
Stock number 0173/ 12-05-08
040 ## - CATALOGING SOURCE
Original cataloging agency Dpl
082 ## - DEWEY DECIMAL CLASSIFICATION NUMBER
Classification number CD / LAVK
245 ## - TITLE STATEMENT
Title Lav Kush
Statement of responsibility, etc Produced and Published by Vision Interactive Systems
Medium CD-Rom
260 ## - PUBLICATION, DISTRIBUTION, ETC. (IMPRINT)
Place of publication, distribution, etc Banglore
Name of publisher, distributor, etc Vision Interactive Systems
Date of publication, distribution, etc 2008
300 ## - PHYSICAL DESCRIPTION
Extent 1 disc (CD)
440 ## - SERIES STATEMENT/ADDED ENTRY--TITLE
Title Buzzers Series
500 ## - GENERAL NOTE
General note For all agaes
500 ## - GENERAL NOTE
General note This part of Ramayana is called Uttar Ramayana.
538 ## - SYSTEM DETAILS NOTE
System details note Minimus system reauirements: P-III & above, 64 MB RAM, CD-Rom Drive, Windows XP/2000/MW/NT, 256 Color VGA Display
650 ## - SUBJECT ADDED ENTRY--TOPICAL TERM
Source of heading or term Animated Stories
942 ## - ADDED ENTRY ELEMENTS (KOHA)
Koha item type CD-ROMs, DVDs, VHS
Classification part CD / LAVK
Source of classification or shelving scheme Dewey Decimal Classification
Holdings
Withdrawn status Lost status Source of classification or shelving scheme Damaged status Not for loan Home library Current library Date acquired Cost, normal purchase price Total Checkouts Full call number Barcode Date last seen Date checked out Cost, replacement price Price effective from Koha item type
    Dewey Decimal Classification     Central Library Central Library 17/07/2008 99.00 15 CD / LAVK DVD-000049 09/11/2011 29/10/2011 99.00 15/09/2008 CD-ROMs, DVDs, VHS
    Dewey Decimal Classification     Patel Nagar Patel Nagar 17/07/2008 99.00 5 CD / LAVK DVD-000051 16/04/2016 12/04/2016 99.00 15/09/2008 CD-ROMs, DVDs, VHS
    Dewey Decimal Classification     Sarojini Nagar Sarojini Nagar 17/07/2008 99.00 6 CD / LAVK DVD-000050 07/04/2012 27/03/2012 99.00 15/09/2008 CD-ROMs, DVDs, VHS

© Delhi Public Library
Hit Counter
free hit counter